000
00310nam a2200121Ia 4500
008
230907s9999||||xx |||||||||||||| ||und||
082
_a
658.5,MCG
100
_a
Mcgovern, seamus M.
_9
115238
245
4
_a
The disassembly line:
260
_a
McGraw Hill
_b
New York
_c
2011
300
_a
xvii, 373p.:
942
_c
BK
999
_c
597923
_d
597923